| 000 | 00762cab a2200253 4500 | ||
|---|---|---|---|
| 001 | WB3304-24 | ||
| 008 | 090401t1997 xxu||||| |||| 00| 0 eng d | ||
| 035 | _a(Sirsi) u33070 | ||
| 041 | _aeng | ||
| 245 | _aJakarta | ||
| 260 | _c1997 | ||
| 350 | _a0 | ||
| 490 |
_aFinancial Times _v24 January 1997, 16(2) |
||
| 520 | _aReports on the property market in Jakarta where prices remain high despite an increase in construction in all sectors of the market. Graph. | ||
| 650 | _aPROPERTY-COMMERCIAL PROPERTY-COMMERCIAL PROPERTY MARKET | ||
| 650 | _aINDONESIA | ||
| 650 | _aJAKARTA | ||
| 650 | _aOFFCE MARKET | ||
| 650 | _aRESIDENTIAL MARKET | ||
| 650 | _aSOUTH-EAST ASIA | ||
| 690 | _aOVERSEAS-REST OF THE WORLD | ||
| 942 | _n0 | ||
| 948 | _c04/03/1997 | ||
| 999 |
_c22105 _d22105 |
||